|
|
|
|
| LEADER |
00000nab a2200000 a 4500 |
| 001 |
vtls000740417 |
| 003 |
SK-MaSNL |
| 005 |
20260304035405.0 |
| 008 |
180206c2000 xo 0 slo |
| 015 |
|
|
|a SNBRB2000/12-29607
|
| 035 |
|
|
|a CLN000092262
|
| 040 |
|
|
|a SNKBUCL
|b slo
|c SNKBUCL
|e AACR2
|
| 041 |
0 |
|
|a slo
|
| 044 |
|
|
|a xo
|c SK
|
| 080 |
|
|
|a 332.1(437.6:4):061.3
|2 UDC-MRF-SK2
|
| 080 |
|
|
|a 327.39(4:437.6)
|2 UDC-MRF-SK2
|
| 245 |
0 |
0 |
|a Kompetencie v oblasti regionálnej politiky na Slovensku ...
|b Rochel o potrebe riešenia postavenia regiónov
|
| 300 |
|
|
|b Fotogr.
|
| 610 |
|
7 |
|a Európska únia
|2 snkbucl
|9 29861
|
| 650 |
0 |
7 |
|a politika regionálna
|z Slovensko
|x Európska únia
|x konferencie
|2 snkbucl
|9 1319215
|
| 655 |
|
7 |
|a články z novín a časopisov
|2 snkbucl
|9 267496
|
| 773 |
0 |
|
|x 1335-4698
|t Slovenská republika
|g Roč. 8, č. 272 (25.11.2000), s. 2
|
| 850 |
|
|
|a Slovenská národná knižnica v Martine
|
| 852 |
|
|
|a SNK
|b KIS3GCP
|
| 958 |
|
|
|a RBX
|
| 999 |
|
|
|c 2657921
|d 2659851
|